000 01247nam0a22002891 4500
001 v19\rc\1680487
005 20250619020432.0
035 _a(NLR Aleph) 004786389
090 _a4692558
_c4692558
100 _a20061002d1895 |||y0rusy50 ca
101 0 _arus
102 _aRU
105 _ae z |||c|
200 1 _aКраткий исторический очерк лесокультурных мероприятий с 1843 по 1894 год и культурные приемы, практикуемые за последнее время по 1-му Одоевскому лесничеству Тульской губернии
_fСост. лесничим 1-го Одоев. лесничества Тульск. губ. А.П. Молчановым
210 _aСанкт-Петербург
_cтип. Мор. м-ва
_d1895
215 _a[2], 32, 47 с., 1 л. план.
_d24
700 1 _aМолчанов
_bА.П.
_f1859-1922
_gАндрей Павлович
_4220
801 0 _aRU
_bNLR
_gpsbo
801 0 _aRU
_bRuMoRGB
_2psbo
801 1 _aRU
_bProSoft-M
_2rusmarc
852 _aNLR
_j18.180.3.157
899 _aRuMoRGB
_jA 218/1687
899 _aRuMoRGB
_jA 262/334
899 _aБАН
899 _aНБ МГУ
942 _cBOOK
980 _aNB